| 000 | 01065nam a2200289 a 4500 | ||
|---|---|---|---|
| 001 | 29476 | ||
| 003 | BD-RjUL | ||
| 005 | 20211209051422.0 | ||
| 008 | 140403r19841896ii 001 0 eng | ||
| 035 | _a(BD-RjUL)29561 | ||
| 040 |
_aDLC _cDLC _dBD-RjUL _beng |
||
| 041 | _aeng | ||
| 082 | 0 | 0 |
_a615.320954 _220 _bDEI 1984 |
| 100 | 1 |
_aDey, Kanny Lall. _989853 |
|
| 245 | 1 | 4 |
_aThe indigenous drugs of India : _bshort descriptive notices of the principal medicinal products met with in British India / _cKanny Lall Dey ; assisted by William Mair. |
| 250 | _a2nd ed. | ||
| 260 |
_aDehradun, India : _bInternational Book Distributors, _cc1896 [reprint 1984]. |
||
| 300 |
_axxxviii, 387 p. ; _c23 cm. |
||
| 500 | _aReprint. Originally published: 2nd ed., rev. and entirely re-written. Calcutta : Thacker, Spink, 1896. | ||
| 500 | _aIncludes index. | ||
| 650 | 0 |
_aMateria medica, Vegetable _zIndia. _989854 |
|
| 650 | 0 |
_aMedicinal plants _zIndia. _989855 |
|
| 700 | 1 |
_aMair, William. _989856 |
|
| 942 |
_2ddc _cBK |
||
| 999 |
_c29476 _d29476 |
||